[Event "Mecklenburg VP LL2 West 2122"]
[Site "Mecklenburg VP"]
[Date "2021.11.07"]
[Round "2.1"]
[White "Hornecker, Siegfried"]
[Black "Weyrich, Morten"]
[Result "0-1"]
[WhiteElo "2015"]
[BlackElo "2297"]
[PlyCount "56"]
[EventDate "2021.10.24"]
[EventType "team-tourn"]
[EventRounds "9"]
[EventCountry "GER"]
[SourceTitle "EXT 2024"]
[Source "ChessBase"]
[SourceDate "2023.10.10"]
[SourceVersion "1"]
[SourceVersionDate "2023.10.10"]
[SourceQuality "1"]
[WhiteTeam "Guestrow/Teterow II"]
[BlackTeam "Schwerin SF III"]
[WhiteTeamCountry "GER"]
[BlackTeamCountry "GER"]

1. e4 e5 2. Nf3 Nc6 3. Bb5 a6 4. Ba4 d6 5. d4 b5 6. Bb3 Nxd4 7. Nxd4 exd4 8. Bd5 Rb8 9. Bc6+ Bd7 10. Bxd7+ Qxd7 11. Qxd4 Ne7 12. Nc3 Nc6 13. Qe3 Be7 14. Nd5 0-0 15. Qc3 Rbe8 16. 0-0 Bd8 17. f3 f5 18. a4 fxe4 19. axb5 axb5 20. Qb3 Kh8 21. Qxb5 exf3 22. Rxf3 Rxf3 23. gxf3 Qe6 24. Be3 Ne5 25. Ra8 c6 26. Qb8 h6 27. Nf4 Nxf3+ 28. Kh1 Qxe3 0-1

[Event "Mecklenburg VP VL 1516"]
[Site "Mecklenburg VP"]
[Date "2016.04.10"]
[Round "8.1"]
[White "Skibbe, Willi"]
[Black "Weyrich, Morten"]
[Result "1-0"]
[WhiteElo "2207"]
[BlackElo "2194"]
[PlyCount "77"]
[EventDate "2015.09.20"]
[EventType "team-tourn"]
[EventRounds "9"]
[EventCountry "GER"]
[SourceTitle "EXT 2022"]
[Source "ChessBase"]
[SourceDate "2021.10.06"]
[SourceVersion "1"]
[SourceVersionDate "2021.10.06"]
[SourceQuality "1"]
[WhiteTeam "Rostock SSC 07 II"]
[BlackTeam "Schwerin SF III"]
[WhiteTeamCountry "GER"]
[BlackTeamCountry "GER"]

1. d4 d5 2. c4 e6 3. Nf3 Nf6 4. g3 Be7 5. Bg2 0-0 6. 0-0 b6 7. Ne5 Bb7 8. Nc3 Nbd7 9. Bf4 Nxe5 10. dxe5 Ne4 11. Nxe4 dxe4 12. Qc2 Qd4 13. Rfd1 Qc5 14. Bxe4 Bxe4 15. Qxe4 Rad8 16. a3 Rxd1+ 17. Rxd1 Rd8 18. Rd3 Rxd3 19. exd3 Bf8 20. Bd2 Qe7 21. d4 Qd7 22. Bc3 c6 23. h4 h6 24. h5 Be7 25. Kg2 f5 26. exf6 Bxf6 27. Qg4 Qd6 28. Qe4 Kf7 29. f4 a5 30. g4 Kg8 31. c5 bxc5 32. dxc5 Qe7 33. Qxc6 Bxc3 34. bxc3 Kf7 35. Kg3 a4 36. Qd6 Qa7 37. g5 hxg5 38. fxg5 Qb7 39. g6+ 1-0

[Event "Mecklenburg VP VL 1516"]
[Site "Mecklenburg VP"]
[Date "2015.11.15"]
[Round "3.1"]
[White "Weyrich, Morten"]
[Black "Littke, Helmut"]
[Result "1-0"]
[WhiteElo "2194"]
[BlackElo "1954"]
[PlyCount "117"]
[EventDate "2015.09.20"]
[EventType "team-tourn"]
[EventRounds "9"]
[EventCountry "GER"]
[SourceTitle "EXT 2022"]
[Source "ChessBase"]
[SourceDate "2021.10.06"]
[SourceVersion "1"]
[SourceVersionDate "2021.10.06"]
[SourceQuality "1"]
[WhiteTeam "Schwerin SF III"]
[BlackTeam "Wismar ASV Gruen-Weiss"]
[WhiteTeamCountry "GER"]
[BlackTeamCountry "GER"]

1. d4 d5 2. Bf4 e6 3. e3 c5 4. Nf3 Nf6 5. Be2 Be7 6. dxc5 Nbd7 7. Bd6 Nxc5 8. Bxe7 Qxe7 9. 0-0 0-0 10. c4 dxc4 11. Bxc4 b6 12. Nc3 Bb7 13. Qe2 Nce4 14. Nxe4 Nxe4 15. Rac1 Rac8 16. Ba6 Nc5 17. Bxb7 Qxb7 18. Nd4 Nd7 19. Rfd1 Rxc1 20. Rxc1 Rc8 21. Rd1 Nf6 22. Nb5 Qe7 23. Qd3 h6 24. h3 Nd5 25. a3 a6 26. Nd4 b5 27. Qe4 Nf6 28. Qf3 Qc7 29. g4 Rd8 30. Kg2 Rd5 31. Rd3 e5 32. Rc3 Qd7 33. Nf5 Kh7 34. Ng3 a5 35. Ne4 Nxe4 36. Qxe4+ g6 37. Rc7 Qxc7 38. Qxd5 b4 39. a4 Kg7 40. Kf3 f6 41. Kg2 Kh7 42. h4 Kg7 43. h5 Qc8 44. Qe4 gxh5 45. gxh5 Qe8 46. Qg4+ Kh7 47. Kf3 Qf7 48. Qf5+ Kg7 49. Kg3 Qe8 50. f4 exf4+ 51. Kxf4 Qb8+ 52. Kf3 Qb7+ 53. Kf2 Qf7 54. Qxa5 Qb3 55. Qc7+ Kg8 56. Qd8+ Kf7 57. Qd7+ Kf8 58. Qd4 Qc2+ 59. Kg3 1-0

[Event "Mecklenburg VP VL 1213"]
[Site "Mecklenburg VP"]
[Date "2013.02.24"]
[Round "6.4"]
[White "Kross, Gunnar"]
[Black "Weyrich, Morten"]
[Result "1/2-1/2"]
[WhiteElo "1982"]
[BlackElo "2226"]
[PlyCount "45"]
[EventDate "2012.10.14"]
[EventType "team-tourn"]
[EventRounds "9"]
[EventCountry "GER"]
[SourceTitle "EXT 2022"]
[Source "ChessBase"]
[SourceDate "2021.10.06"]
[SourceVersion "1"]
[SourceVersionDate "2021.10.06"]
[SourceQuality "1"]
[WhiteTeam "Grevesmuehlen Blau Weiss"]
[BlackTeam "Schwerin SF"]
[WhiteTeamCountry "GER"]
[BlackTeamCountry "GER"]

1. Nf3 d5 2. d4 Nf6 3. c4 e6 4. Nc3 Be7 5. e3 0-0 6. Bd3 b6 7. cxd5 exd5 8. Qc2 Bb7 9. 0-0 c5 10. b3 Nc6 11. a3 Rc8 12. Bb2 cxd4 13. exd4 Na5 14. Bf5 Rb8 15. Ne5 g6 16. Bh3 Bc8 17. b4 Bxh3 18. gxh3 Nc4 19. Nc6 Qd7 20. Nxb8 Qxh3 21. Nc6 Qg4+ 22. Kh1 Qf3+ 23. Kg1 1/2-1/2

[Event "Mecklenburg VP VL 1213"]
[Site "Mecklenburg VP"]
[Date "2012.11.13"]
[Round "2.5"]
[White "Schmekel, Florian"]
[Black "Weyrich, Morten"]
[Result "0-1"]
[WhiteElo "1743"]
[BlackElo "2226"]
[PlyCount "66"]
[EventDate "2012.10.14"]
[EventType "team-tourn"]
[EventRounds "9"]
[EventCountry "GER"]
[SourceTitle "EXT 2022"]
[Source "ChessBase"]
[SourceDate "2021.10.06"]
[SourceVersion "1"]
[SourceVersionDate "2021.10.06"]
[SourceQuality "1"]
[WhiteTeam "Torgelow Droegeheide"]
[BlackTeam "Schwerin SF"]
[WhiteTeamCountry "GER"]
[BlackTeamCountry "GER"]

1. d4 d5 2. c4 e6 3. Nc3 Nf6 4. Bg5 Be7 5. Nf3 0-0 6. e3 b6 7. cxd5 Nxd5 8. Bxe7 Qxe7 9. Nxd5 exd5 10. Bd3 Bg4 11. 0-0 c5 12. Be2 Rd8 13. Qa4 c4 14. Rac1 a6 15. Qd1 b5 16. b3 Bxf3 17. Bxf3 Nc6 18. Re1 Qf6 19. Re2 Rac8 20. Rd2 g6 21. bxc4 dxc4 22. a4 Nb4 23. Be4 Qe7 24. Bc2 Nd5 25. axb5 axb5 26. e4 Nc3 27. Qf3 b4 28. d5 Qg5 29. Qe3 Qxe3 30. fxe3 b3 31. Bd1 Nxd1 32. Rdxd1 c3 33. Rf1 c2 0-1

[Event "Oberliga Nord N 0910"]
[Site "Germany"]
[Date "2010.03.21"]
[Round "8.3"]
[White "Weyrich, Morten"]
[Black "Zieher, Hartmut"]
[Result "1/2-1/2"]
[WhiteElo "2319"]
[BlackElo "2246"]
[PlyCount "71"]
[EventDate "2009.10.18"]
[EventType "team-tourn"]
[EventRounds "9"]
[EventCountry "GER"]
[SourceTitle "EXT 2011"]
[Source "ChessBase"]
[SourceDate "2010.11.26"]
[SourceVersion "1"]
[SourceVersionDate "2010.11.26"]
[SourceQuality "1"]
[WhiteTeam "Schwerin"]
[BlackTeam "Hamburger SK"]
[WhiteTeamCountry "GER"]
[BlackTeamCountry "GER"]

1. c4 e5 2. g3 Nf6 3. Bg2 d5 4. cxd5 Nxd5 5. Nc3 Nb6 6. b3 Be7 7. Bb2 0-0 8. d3 Re8 9. Nf3 Nc6 10. Nd2 Nd4 11. e3 Nc6 12. Nc4 Bf8 13. 0-0 Bf5 14. Bxc6 bxc6 15. e4 Bh3 16. Re1 Nxc4 17. dxc4 Qf6 18. Qh5 Qe6 19. Qe2 Rad8 20. Rad1 Qf6 21. Rxd8 Rxd8 22. Rd1 Bc5 23. Rxd8+ Qxd8 24. Nd1 Bd4 25. Bc1 g6 26. Ne3 h5 27. Bd2 Qd6 28. b4 Be6 29. Kg2 Bxe3 30. Qxe3 Bxc4 31. a3 a6 32. Bc3 Qd1 33. Qe1 Qxe1 34. Bxe1 f6 35. f3 Kf7 36. Bf2 1/2-1/2

[Event "Oberliga Nord N 0910"]
[Site "Germany"]
[Date "2010.01.24"]
[Round "5.3"]
[White "Weyrich, Morten"]
[Black "Bromann, Thorbjorn"]
[Result "0-1"]
[WhiteElo "2319"]
[BlackElo "2432"]
[PlyCount "64"]
[EventDate "2009.10.18"]
[EventType "team-tourn"]
[EventRounds "9"]
[EventCountry "GER"]
[SourceTitle "EXT 2011"]
[Source "ChessBase"]
[SourceDate "2010.11.26"]
[SourceVersion "1"]
[SourceVersionDate "2010.11.26"]
[SourceQuality "1"]
[WhiteTeam "Schwerin"]
[BlackTeam "Neukloster"]
[WhiteTeamCountry "GER"]
[BlackTeamCountry "GER"]

1. g3 d5 2. Bg2 e5 3. c4 dxc4 4. Na3 Bxa3 5. Qa4+ c6 6. Qxa3 Be6 7. h4 Ne7 8. Nf3 f6 9. 0-0 0-0 10. Rd1 Nf5 11. Bh3 Qd7 12. d4 Rd8 13. Bxf5 Bxf5 14. Be3 e4 15. Ne1 Na6 16. Rac1 Be6 17. Bf4 h6 18. Qc3 g5 19. hxg5 hxg5 20. Be3 Bd5 21. Kg2 Kg7 22. Nc2 Qg4 23. Qa3 Kg6 24. Rh1 Qxe2 25. Rcg1 Qxc2 26. Qe7 Rh8 27. Rxh8 Rxh8 28. Rh1 Rxh1 29. Kxh1 Qxb2 30. Qe8+ Kg7 31. Qe7+ Bf7 32. Bxg5 Qxf2 0-1

[Event "Oberliga Nord N 0910"]
[Site "Germany"]
[Date "2009.12.13"]
[Round "4.3"]
[White "Junge, Kai"]
[Black "Weyrich, Morten"]
[Result "1-0"]
[WhiteElo "2230"]
[BlackElo "2319"]
[PlyCount "81"]
[EventDate "2009.10.18"]
[EventType "team-tourn"]
[EventRounds "9"]
[EventCountry "GER"]
[SourceTitle "EXT 2011"]
[Source "ChessBase"]
[SourceDate "2010.11.26"]
[SourceVersion "1"]
[SourceVersionDate "2010.11.26"]
[SourceQuality "1"]
[WhiteTeam "Preetz"]
[BlackTeam "Schwerin"]
[WhiteTeamCountry "GER"]
[BlackTeamCountry "GER"]

1. Nf3 d5 2. g3 c5 3. Bg2 Nc6 4. 0-0 Nf6 5. d3 g6 6. Nbd2 Bg7 7. e4 0-0 8. Re1 dxe4 9. dxe4 b6 10. c3 Bb7 11. e5 Ne8 12. Qa4 Nc7 13. Qh4 Qd7 14. Ne4 h5 15. Bh3 Qd3 16. Bf4 Rad8 17. Bg2 Ne6 18. Nfg5 Nxf4 19. gxf4 Bc8 20. Ng3 Nb8 21. Be4 Qc4 22. Nxh5 f6 23. exf6 exf6 24. Nxg7 fxg5 25. Qxg5 Qf7 26. Nh5 Bf5 27. Ng3 Bxe4 28. Rxe4 Qf6 29. Rae1 Rd6 30. R1e2 Nd7 31. h4 b5 32. h5 c4 33. Re7 Qxf4 34. Qxf4 Rxf4 35. hxg6 Nb6 36. R2e6 Rxe6 37. Rxe6 Rg4 38. Kf1 Nd7 39. Nf5 Rf4 40. Re8+ Nf8 41. g7 1-0

[Event "Oberliga Nord W 0607"]
[Site "Germany"]
[Date "2006.10.15"]
[Round "1.2"]
[White "Mossakowski, Florian"]
[Black "Weyrich, Morten"]
[Result "1/2-1/2"]
[WhiteElo "2339"]
[BlackElo "2323"]
[PlyCount "66"]
[EventDate "2006.10.15"]
[EventType "team-tourn"]
[EventRounds "9"]
[EventCountry "GER"]
[SourceTitle "EXT 2008"]
[Source "ChessBase"]
[SourceDate "2007.11.25"]
[SourceVersion "1"]
[SourceVersionDate "2007.11.25"]
[SourceQuality "1"]
[WhiteTeam "Bremer SG"]
[BlackTeam "Hameln"]
[WhiteTeamCountry "GER"]
[BlackTeamCountry "GER"]

1. e4 e5 2. Nf3 Nc6 3. Bb5 a6 4. Ba4 d6 5. Bxc6+ bxc6 6. d4 Qe7 7. Nc3 Nf6 8. 0-0 g6 9. Qd3 Bg7 10. dxe5 dxe5 11. Qc4 Qe6 12. Qxe6+ Bxe6 13. Nxe5 Nxe4 14. Nxe4 Bxe5 15. Nc5 Bc4 16. Rd1 0-0 17. c3 Rfd8 18. Rxd8+ Rxd8 19. Be3 f5 20. f4 Bf6 21. b3 Bf7 22. Rc1 a5 23. Kf2 h6 24. Rc2 Rd1 25. Bd4 Bxd4+ 26. cxd4 Rxd4 27. Ke3 Rb4 28. g3 Bd5 29. Re2 Kf7 30. Kd3 g5 31. Rf2 Kf6 32. Kc3 Rb5 33. Kd4 Rb4+ 1/2-1/2

[Event "Oberliga Nord W 0506"]
[Site "Germany"]
[Date "2005.12.11"]
[Round "4.1"]
[White "Markgraf, Alexander"]
[Black "Weyrich, Morten"]
[Result "1-0"]
[WhiteElo "2394"]
[BlackElo "2312"]
[PlyCount "133"]
[EventDate "2005.10.23"]
[EventType "team-tourn"]
[EventRounds "9"]
[EventCountry "GER"]
[SourceTitle "CBM 111 Extra"]
[Source "ChessBase"]
[SourceDate "2006.05.09"]
[SourceVersion "1"]
[SourceVersionDate "2006.05.09"]
[SourceQuality "1"]
[WhiteTeam "Goettingen"]
[BlackTeam "Hameln"]
[WhiteTeamCountry "GER"]
[BlackTeamCountry "GER"]

1. e4 e5 2. Nf3 Nc6 3. Bc4 Bc5 4. c3 Qe7 5. d4 Bb6 6. Bg5 Nf6 7. d5 Nb8 8. d6 Qxd6 9. Qxd6 cxd6 10. Bxf6 gxf6 11. Nh4 Nc6 12. Nf5 Bc7 13. Na3 a6 14. 0-0-0 b5 15. Bb3 Nd8 16. Nc2 Bb7 17. f3 Bc6 18. Nce3 Nb7 19. Ng4 Bd8 20. Ngh6 Bc7 21. Bxf7+ Kd8 22. h4 Bb6 23. Rh3 a5 24. Rg3 Kc7 25. Rg7 Bc5 26. Ng8 Rf8 27. Nxf6 Nd8 28. Ne8+ Rxe8 29. Bxe8 Rxe8 30. Rxh7 Ne6 31. h5 Rg8 32. Rd2 Ng5 33. Rh6 Nxe4 34. Rg6 Rf8 35. fxe4 Bxe4 36. g4 Bxf5 37. gxf5 Be3 38. f6 Rh8 39. f7 Rf8 40. Rf6 Kd8 41. Rfxd6 Rxf7 42. R6d5 Bxd2+ 43. Kxd2 Rf2+ 44. Kc1 b4 45. cxb4 axb4 46. Rxe5 Rh2 47. Rb5 Kc7 48. Rxb4 Rxh5 49. a4 Kc6 50. Rc4+ Kb6 51. Rd4 Kc6 52. Kc2 Rh3 53. Rd3 Rh4 54. b3 Rg4 55. Kc3 Rh4 56. Rd4 Rh3+ 57. Kb4 Rg3 58. Rc4+ Kb6 59. a5+ Kb7 60. Rc3 Rg4+ 61. Kb5 Rg6 62. b4 Rd6 63. Rc5 Rd1 64. a6+ Ka7 65. Rc7+ Kb8 66. a7+ Ka8 67. Ka5 1-0

[Event "Oberliga Nord W 0506"]
[Site "Germany"]
[Date "2005.11.13"]
[Round "2.1"]
[White "Kroeze, Frank"]
[Black "Weyrich, Morten"]
[Result "1-0"]
[WhiteElo "2415"]
[BlackElo "2312"]
[PlyCount "101"]
[EventDate "2005.10.23"]
[EventType "team-tourn"]
[EventRounds "9"]
[EventCountry "GER"]
[SourceTitle "CBM 111 Extra"]
[Source "ChessBase"]
[SourceDate "2006.05.09"]
[SourceVersion "1"]
[SourceVersionDate "2006.05.09"]
[SourceQuality "1"]
[WhiteTeam "Nordhorn Blanke"]
[BlackTeam "Hameln"]
[WhiteTeamCountry "GER"]
[BlackTeamCountry "GER"]

1. e4 e5 2. Nf3 Nc6 3. Bb5 a6 4. Ba4 d6 5. c3 Bd7 6. d4 Nge7 7. Be3 Ng6 8. h4 Be7 9. g3 Bf6 10. d5 Nb8 11. c4 Bxa4 12. Qxa4+ Qd7 13. Qxd7+ Nxd7 14. Nc3 h6 15. Ke2 Be7 16. h5 Ngf8 17. Nh4 Bxh4 18. Rxh4 Nh7 19. Rhh1 b6 20. f3 Rf8 21. g4 Ke7 22. b4 Rfb8 23. a3 f6 24. Rhc1 Ng5 25. Nd1 Nf7 26. Bd2 Nd8 27. Nf2 Nb7 28. Rc2 Ra7 29. Rb1 a5 30. Nd1 axb4 31. axb4 Rba8 32. Nc3 Kd8 33. Rbb2 Ra3 34. Ra2 Rxa2 35. Rxa2 Rxa2 36. Nxa2 Kc8 37. Nc3 Nd8 38. Nd1 c5 39. Ne3 cxb4 40. Bxb4 Nc5 41. Nf5 Kd7 42. Nxg7 Nb3 43. Nf5 Nf7 44. Bd2 Nxd2 45. Kxd2 Kd8 46. Kc3 Kd7 47. Kb4 Ng5 48. Nxh6 Nxf3 49. Ng8 Ng5 50. h6 Nh7 51. Nxf6+ 1-0

[Event "Oberliga Nord W 0506"]
[Site "Germany"]
[Date "2005.10.23"]
[Round "1.1"]
[White "Laubsch, Bernd"]
[Black "Weyrich, Morten"]
[Result "1/2-1/2"]
[WhiteElo "2324"]
[BlackElo "2312"]
[PlyCount "91"]
[EventDate "2005.10.23"]
[EventType "team-tourn"]
[EventRounds "9"]
[EventCountry "GER"]
[SourceTitle "CBM 111 Extra"]
[Source "ChessBase"]
[SourceDate "2006.05.09"]
[SourceVersion "1"]
[SourceVersionDate "2006.05.09"]
[SourceQuality "1"]
[WhiteTeam "Uelzen Post"]
[BlackTeam "Hameln"]
[WhiteTeamCountry "GER"]
[BlackTeamCountry "GER"]

1. e4 e5 2. Nf3 Nc6 3. Bb5 a6 4. Ba4 d6 5. 0-0 Bd7 6. d4 Nge7 7. d5 Nb8 8. c4 Ng6 9. Nc3 Be7 10. Be3 0-0 11. Bxd7 Nxd7 12. Ne2 f5 13. exf5 Rxf5 14. Rc1 b6 15. b4 a5 16. a3 axb4 17. axb4 Rf8 18. Qc2 Qe8 19. Kh1 Qf7 20. Ra1 Nh4 21. Nxh4 Bxh4 22. Nc3 Rxa1 23. Rxa1 Bxf2 24. Rf1 Bxe3 25. Rxf7 Rxf7 26. Qd3 Bd2 27. Ne4 Bxb4 28. Ng5 e4 29. Nxe4 Nc5 30. Nxc5 Bxc5 31. g3 g6 32. Kg2 Re7 33. h4 Re3 34. Qd1 Re4 35. h5 Kg7 36. Qa1+ Bd4 37. Qa7 Re7 38. hxg6 hxg6 39. Qb8 Be5 40. Qc8 Bd4 41. Kh3 Bf6 42. Kg2 Bd4 43. Kf3 Bf6 44. Kf4 Be5+ 45. Kf3 Bd4 46. Kf4 1/2-1/2

[Event "Oberliga Nord W 0405"]
[Site "Germany"]
[Date "2004.11.28"]
[Round "3.2"]
[White "Breutigam, Martin"]
[Black "Weyrich, Morten"]
[Result "1-0"]
[WhiteElo "2403"]
[BlackElo "2312"]
[PlyCount "75"]
[EventDate "2004.10.24"]
[EventType "team-tourn"]
[EventRounds "9"]
[EventCountry "GER"]
[SourceTitle "EXT 2006"]
[Source "ChessBase"]
[SourceDate "2005.11.24"]
[SourceVersion "1"]
[SourceVersionDate "2005.11.24"]
[SourceQuality "1"]
[WhiteTeam "Bremer SG"]
[BlackTeam "Hameln"]
[WhiteTeamCountry "GER"]
[BlackTeamCountry "GER"]

1. d4 d5 2. c4 e6 3. Nc3 c6 4. Nf3 f5 5. Bg5 Nf6 6. e3 Be7 7. Bd3 0-0 8. Qc2 h6 9. Bh4 Bd7 10. Ne5 Be8 11. 0-0-0 Nbd7 12. Bxf6 Bxf6 13. f4 Nxe5 14. dxe5 Be7 15. g4 fxg4 16. Qe2 Bc5 17. Kb1 Qe7 18. Rhg1 b5 19. cxb5 cxb5 20. Bc2 b4 21. Qd3 g5 22. Ne2 h5 23. h3 b3 24. axb3 gxf4 25. Nxf4 Rxf4 26. exf4 Bxg1 27. Rxg1 Qc5 28. Qh7+ Kf8 29. Rc1 Rc8 30. f5 Rc7 31. Qh8+ Ke7 32. Qf6+ Kd7 33. Qxe6+ Kd8 34. hxg4 hxg4 35. b4 Qc6 36. Qg8 d4 37. Qxg4 d3 38. Qg5+ 1-0